| 000 | 01264nam2a2200241 4500 | ||
|---|---|---|---|
| 001 | rc\2999025 | ||
| 005 | 20260315063625.0 | ||
| 035 | _a(NLR Aleph) 007142554 | ||
| 090 |
_a13615000 _c13615000 |
||
| 100 | _a20110919d1936 u y0rusy50 ca | ||
| 101 | 0 | _arus | |
| 102 | _aRU | ||
| 105 | _ay j ||||| | ||
| 200 | 1 |
_aПроизводство и присвоение прибавочной стоимости - основы капитализма _eСтеногр. лекции д-ра экон. наук К.В. Островитянова, прочитанной 20-21 августа 1936 г. |
|
| 210 | _d1936 | ||
| 215 | _a46, [2] с. | ||
| 461 | 0 |
_1001rc\2999023 _12001#$aКурс политической экономии$eЛекция 7-$fВысшая школа пропагандистов им. Я.М. Свердлова при ЦК ВКП(б)$vЛекция 8 _97070401 _cМосква _d1941 _fВысшая школа пропагандистов им. Я.М. Свердлова при ЦК ВКП(б) _nБ. и. _oЛекция 7- _tКурс политической экономии _vЛекция 8 |
|
| 700 | 1 |
_aОстровитянов _bК.В. |
|
| 801 | 0 |
_aRU _bNLR _gpsbo |
|
| 801 | 1 |
_aRU _bELAR _2rusmarc |
|
| 852 |
_aNLR _j36-17/470 |
||
| 942 | _cUNSPEC | ||
| 980 | _aNB | ||